Central Library OPAC University of Rajshahi

Veterinary Pharmacology and Therapeutics / (Record no. 67238)

MARC details
000 -LEADER
fixed length control field 00689nam a22002417a 4500
001 - CONTROL NUMBER
control field 67238
003 - CONTROL NUMBER IDENTIFIER
rucl marc code BD-RjUL
005 - DATE AND TIME OF LATEST TRANSACTION
control field 20211209081629.0
008 - FIXED-LENGTH DATA ELEMENTS--GENERAL INFORMATION
fixed length control field 170323r19951954enka|||| |||| 001 0 eng d
020 ## - INTERNATIONAL STANDARD BOOK NUMBER
International Standard Book Number 0813817412
035 ## - SYSTEM CONTROL NUMBER
System control number (BD-RjUL)67369
040 ## - CATALOGING SOURCE
Original cataloging agency BD-RjUL
Language of cataloging eng
Transcribing agency BD-RjUL
Modifying agency BD-RjUL
041 ## - LANGUAGE CODE
Language code of text/sound track or separate title eng
082 ## - DEWEY DECIMAL CLASSIFICATION NUMBER
Edition number 23
Classification number 636.089
Author mark and year VET 1995
245 ## - TITLE STATEMENT
Title Veterinary Pharmacology and Therapeutics /
Statement of responsibility, etc. H. Richard Adams.
250 ## - EDITION STATEMENT
Edition statement 7th ed.
260 ## - PUBLICATION, DISTRIBUTION, ETC. (IMPRINT)
Place of publication, distribution, etc. Ames :
Name of publisher, distributor, etc. Lowa State University press,
Date of publication, distribution, etc. c 1995.
300 ## - PHYSICAL DESCRIPTION
Pagination ix, 1181 p. :
Illustrations ill. ;
Size 27 cm.
500 ## - GENERAL NOTE
General note Includes index
650 ## - SUBJECT ADDED ENTRY--TOPICAL TERM
Topical term or geographic name as entry element Veterinary medicine
9 (RLIN) 199210
700 ## - ADDED ENTRY--PERSONAL NAME
Personal name Adams, H. Richard
942 ## - ADDED ENTRY ELEMENTS (KOHA)
Source of classification or shelving scheme Dewey Decimal Classification
Koha item type Books
Holdings
Lost status Source of classification or shelving scheme Damaged status Not for loan Collection code Permanent Location Current Location Shelving location Date acquired Source of acquisition Cost, normal purchase price Total Checkouts Full call number Date last seen Copy number Koha item type
  Dewey Decimal Classification   Not For Loan Non-fiction Central Library, University of Rajshahi Central Library, University of Rajshahi Reading Room 08/07/2013 Dhaka,Space marketing communication 19.00   636.089 VET 1995 23/03/2017 C-1 Books